Video Games by Iconic Suits of Armor - Statistics

General Stats
  • This quiz has been taken 25 times
  • The average score is 7 of 18
Answer Stats
Armor Game % Correct
Big Daddy Suit Bioshock
77%
MJOLNIR Armor Halo
73%
T-51b Power Armor Fallout
68%
Praetor Suit Doom
55%
Daedric Armor The Elder Scrolls: Skyrim
55%
CryNet Nanosuit Crysis
50%
N7 Suit Mass Effect
50%
Advanced Engineer RIG Dead Space
45%
Havel Armor Set Dark Souls
41%
Desert Voe Set The Legend of Zelda: Breath of the Wild
36%
COG Armor Gears of War
32%
HEV Suit Half-Life
27%
Varia Suit Metroid
27%
Imperial Dragon Armor The Elder Scrolls: Oblivion
27%
Raging Wolf Armor Set Elden Ring
18%
CMC Powered Combat Suit Starcraft
14%
Hammer Suit Super Mario Bros. 3
9%
Augmented Reaction Suit Vanquish
9%
No matching quizzes found
Score Distribution
Percent of People with Each Score
Percentile by Number Answered
Your Score History
You have not taken this quiz